| 000 | 00666 aa a2200205 4500 | ||
|---|---|---|---|
| 008 | 081021t xxu||||| |||| 00| 0 eng d | ||
| 010 | _aENG-84561 | ||
| 020 | _a8189000942 | ||
| 020 | _c995.00 (hb) | ||
| 035 | _aEN-68094 | ||
| 082 | _a109 | ||
| 100 | _aWeber, Alfred | ||
| 245 |
_aHistory of philosophy / _cby Alfred Weber; translated by Frank Thilly |
||
| 260 |
_aNew Delhi _bVishvabharti Publications |
||
| 260 | _c2006 | ||
| 300 |
_a604p _c22cm |
||
| 700 |
_aThilly, Frank _ctr |
||
| 942 |
_2ddc _cEN _h109 _m WEB |
||
| 999 |
_c17866 _d17866 |
||